| 000 | 00577nam a2200193Ia 4500 | ||
|---|---|---|---|
| 008 | 140306s9999 xx 000 0 und d | ||
| 020 | _a590482920 | ||
| 050 |
_aPZ 7 _b.B63593Li 1995 |
||
| 100 | _aBolognese, Don | ||
| 245 |
_aLittle Hawk's New Name / _cDon Bolognese. |
||
| 260 |
_aUSA : _bScholastic Inc., _cc1995. |
||
| 300 |
_a47 p. : _bcol. ill. ; _c23 cm. |
||
| 521 | _aG1 | ||
| 526 | _c260 | ||
| 650 |
_aIndians of North America _xGreat Plains --Fiction. |
||
| 650 |
_aIndians of North America _xGreat Plains --Juvenile fiction. |
||
| 942 | _cBK | ||
| 999 |
_c42617 _d42617 |
||